Statistics for Mario Games for the Switch

Click here to take the quiz!

General Stats

  • This quiz has been taken 116 times
  • The average score is 9 of 17

Answer Stats

GenreGame% Correct
RacingMario Kart 8 Deluxe
92%
PlatformerSuper Mario Odyssey
77%
PartySuper Mario Party
77%
PlatformerNew Super Mario Bros. U Deluxe
68%
PlatformerSuper Mario 3D World + Bowser’s Fury
67%
PartyMario Party: Superstars
65%
StrategyMario + Rabbids Kingdom Battle
56%
SportsMario Tennis Aces
55%
PlatformerSuper Mario Maker 2
51%
RPGPaper Mario: The Origami King
49%
PlatformerSuper Mario 3D All-Stars
43%
SportsMario & Sonic at the Olympic Games Tokyo 2020
40%
RacingMario Kart Live: Home Circuit
36%
SportsMario Strikers: Battle League
36%
SportsMario Golf: Super Rush
33%
StrategyMario + Rabbids Sparks of Hope
27%
PlatformerSuper Mario Bros. 35
25%

Score Distribution

Percentile by Number Answered

Percent of People with Each Score

Your Score History

You have not taken this quiz